000
00290nam a2200109Ia 4500
008
220204s9999 xx 000 0 und d
082
_a
546.3
_b
MEL
245
0
_a
Determination of gaseous elements in metals
260
_a
New York
_b
John Wiley
_c
1974
700
_a
Melnick, Laben M
942
_c
BK
999
_c
25659
_d
25659